| 000 | 00362nam a2200157Ia 4500 | ||
|---|---|---|---|
| 003 | LK-CoDNM | ||
| 008 | 010623t1990 xxu||||| |||| 00| 1 eng d | ||
| 040 |
_aLK-CoDNM _dLK-CoDNM _eLK-CoDNM |
||
| 041 | _aeng | ||
| 080 |
_a8-31 _bEDI |
||
| 100 | _aEdirisinghe, Padma | ||
| 245 | _aChild and the Earth | ||
| 260 |
_b _c1990 |
||
| 300 | _b196, 22 cm | ||
| 942 | _cBK | ||
| 999 |
_c114554 _d114554 |
||